00341 a2200121 450000100060000010000180000624500170002426000350004109000170007694200230009399900190011695200840013547639 aIndustrialist aRubber goods aCalcuttabIndustry publisherc c30651d30651 aNUST-CAEcMc22949 c282712d282712 001040708NFICaCAEbCAEd2017-04-03l0pCAE36371r2017-04-05w2017-04-05yBK